000 00720nam a22001817a 4500
008 161118b xxu||||| |||| 00| 0 eng d
020 _a978-971-9654-17-9
082 _22016
_aDFil 005.133
_bP13p
100 _917600
_aPadre, Nilo M.
_eauthor.
245 _aProgramming concepts:
_blogic formulation/
_cNilo M. Padre, Rosauro E. Manuel and Wilfredo N. De Castro.
250 _aFirst edition.
260 _aIntramuros, Manila:
_bUnlimited Books Library Services & Publishing Inc.,
_cc2016.
300 _ax, 346 pages:
_billustrations:
_c25 cm.
650 0 _917603
_aApplication software
_xProgramming.
700 _917601
_aManuel, Rosauro E.
_eauthor.
700 _917602
_aDe Castro, Wilfredo N.
_eauthor.
942 _2ddc
_cDFIL
999 _c5759
_d5759